[Event "VIII Festival A"]
[Site "Trieste ITA"]
[Date "2006.09.04"]
[Round "4"]
[White "Cadelli, Luciano"]
[Black "Van Dongen, Leo"]
[Result "1-0"]
[WhiteElo "2088"]
[BlackElo "1854"]
[PlyCount "85"]
[EventDate "2006.09.02"]

1. d4 Nf6 2. Nf3 g6 3. g3 Bg7 4. Bg2 d6 5. O-O O-O 6. c4 c5 7. Nc3 Nbd7 8. e3
Rb8 9. Qc2 a6 10. a4 Re8 11. Bd2 Nb6 12. b3 cxd4 13. exd4 Bf5 14. Qc1 Qd7 15.
Re1 d5 16. c5 Na8 17. Bf4 Nc7 18. Ne5 Qd8 19. f3 Ne6 20. Be3 h5 21. Qd2 Nc7 22.
b4 Nd7 23. Bf4 Nxe5 24. Bxe5 f6 25. Bf4 g5 26. Be3 Qd7 27. Rad1 Rbd8 28. Bf2
Kf7 29. Qa2 Rh8 30. Re2 Bg6 31. Rde1 e6 32. Qb3 Bd3 33. Re3 Bg6 34. b5 axb5 35.
axb5 Ra8 36. b6 Ne8 37. Rxe6 Kf8 38. Re7 Qxe7 39. Rxe7 Kxe7 40. Qxd5 Ra1+ 41.
Bf1 Bd3 42. Ne2 Kf8 43. Kg2 1-0

[Event "VIII Festival A"]
[Site "Trieste ITA"]
[Date "2006.09.04"]
[Round "4"]
[White "Capaliku, Aleks"]
[Black "Grobovsek, Ivan"]
[Result "1-0"]
[WhiteElo "2099"]
[BlackElo "1950"]
[PlyCount "147"]
[EventDate "2006.09.02"]

1. f4 d5 2. Nf3 Nf6 3. e3 Bg4 4. b3 e6 5. Bb2 Nbd7 6. d4 Bd6 7. Bd3 Ne4 8. O-O
f5 9. Qe1 Bxf3 10. Rxf3 Ndf6 11. c4 c6 12. c5 Be7 13. Bxe4 fxe4 14. Rf1 b6 15.
b4 a5 16. a3 O-O 17. Nc3 axb4 18. axb4 Rxa1 19. Qxa1 bxc5 20. bxc5 Qe8 21. Qa6
Ng4 22. Qe2 Qg6 23. h3 Nh6 24. Ra1 Rb8 25. Ra6 Nf5 26. Nd1 Qe8 27. Qc2 Qc8 28.
Ra1 h6 29. Bc3 Qb7 30. Kf2 Bh4+ 31. Ke2 Qb5+ 32. Kd2 Qf1 33. g4 Ng3 34. Bb2
Qxh3 35. Ra6 Rc8 36. Qa4 Qxg4 37. Rxc6 Qe2+ 38. Kc1 Re8 39. Rc7 Rf8 40. Qd7
Qc4+ 41. Nc3 Bf6 42. Qxe6+ Kh8 43. Rc8 Rxc8 44. Qxc8+ Kh7 45. Qg4 Qf1+ 46. Qd1
Qf3 47. Nxd5 Bd8 48. Bc3 Qg2 49. Bd2 Qh3 50. Qc2 Qe6 51. Qc4 Qc6 52. Nc3 Be7
53. Qb5 Qa8 54. Qa4 Qc8 55. c6 h5 56. d5 h4 57. Nxe4 Nf5 58. Nf2 Qc7 59. e4 Ng3
60. e5 Nf5 61. Ne4 Qb6 62. d6 Bd8 63. c7 Bxc7 64. Ng5+ Kh6 65. dxc7 Qxc7+ 66.
Qc2 Qxc2+ 67. Kxc2 Kh5 68. Nf3 h3 69. Nh2 Kh4 70. Be1+ Kh5 71. Kd3 Kg6 72. Ke4
Ne7 73. Nf3 Kh5 74. f5 1-0

[Event "VIII Festival A"]
[Site "Trieste ITA"]
[Date "2006.09.04"]
[Round "4"]
[White "Cozzarin, Davide"]
[Black "Omerzel, Nikola"]
[Result "1-0"]
[WhiteElo "2062"]
[BlackElo "1789"]
[PlyCount "53"]
[EventDate "2006.09.02"]

1. d4 d5 2. c4 Nf6 3. Nc3 e6 4. cxd5 Nxd5 5. e4 Nxc3 6. bxc3 Be7 7. Bd3 c5 8.
Nf3 Nd7 9. O-O Qc7 10. Be3 f6 11. Nh4 Nf8 12. d5 b6 13. Qe2 Qe5 14. c4 g5 15.
f4 Qc7 16. fxg5 fxg5 17. Qh5+ Kd7 18. Bxg5 Qe5 19. Nf3 Qg7 20. Bxe7 Kxe7 21.
Ne5 Ng6 22. Rf7+ Qxf7 23. Nxf7 Kxf7 24. Rf1+ Ke7 25. e5 Ba6 26. d6+ Kd7 27.
Rf7+ 1-0

[Event "VIII Festival A"]
[Site "Trieste ITA"]
[Date "2006.09.04"]
[Round "4"]
[White "Decleva, Gianni"]
[Black "Castle, Kenneth D."]
[Result "1/2-1/2"]
[WhiteElo "1895"]
[BlackElo "1967"]
[PlyCount "50"]
[EventDate "2006.09.02"]

1. e4 c5 2. Nf3 e6 3. d4 cxd4 4. Nxd4 a6 5. Nc3 Qc7 6. a3 b5 7. Be3 Bb7 8. Nf3
Nf6 9. Bd3 b4 10. axb4 Bxb4 11. Bd2 O-O 12. Qe2 Qc6 13. e5 Bxc3 14. Bxc3 Nd5
15. Qe4 g6 16. Bd2 Nc7 17. Qh4 Qb6 18. Bh6 Rc8 19. Qf6 Ne8 20. Qe7 Qc5 21. Qg5
Qb4+ 22. Nd2 Nc6 23. O-O Qe7 24. Qxe7 Nxe7 25. Nc4 Rcb8 1/2-1/2

[Event "VIII Festival A"]
[Site "Trieste ITA"]
[Date "2006.09.04"]
[Round "4"]
[White "Efimov, Igor"]
[Black "Burmakin, Vladimir"]
[Result "1/2-1/2"]
[WhiteElo "2439"]
[BlackElo "2558"]
[PlyCount "20"]
[EventDate "2006.09.02"]

1. d4 d5 2. c4 c6 3. cxd5 cxd5 4. Nf3 Nf6 5. Nc3 Nc6 6. Bf4 Bf5 7. e3 e6 8. Bb5
Bd6 9. Bg3 O-O 10. O-O Bxg3 1/2-1/2

[Event "VIII Festival A"]
[Site "Trieste ITA"]
[Date "2006.09.04"]
[Round "4"]
[White "Fantini, Marco"]
[Black "Heikkila, Antti"]
[Result "0-1"]
[WhiteElo "2053"]
[BlackElo "2088"]
[PlyCount "68"]
[EventDate "2006.09.02"]

1. d4 c5 2. d5 g6 3. e4 Bg7 4. Nf3 d6 5. Bb5+ Nd7 6. Nc3 a6 7. Bxd7+ Bxd7 8. a4
Nf6 9. O-O O-O 10. Re1 Bg4 11. h3 Bxf3 12. Qxf3 Nd7 13. Qe2 Qc7 14. a5 Rfe8 15.
Bf4 e6 16. dxe6 Rxe6 17. Nd5 Qc6 18. c3 Rae8 19. Qc4 Nf6 20. Nxf6+ Bxf6 21. Bg3
d5 22. Qf1 Rxe4 23. Rxe4 Rxe4 24. Qd1 Re8 25. Qf3 d4 26. Qxc6 bxc6 27. cxd4
cxd4 28. Rd1 c5 29. Bd6 c4 30. Kf1 d3 31. Rd2 Rd8 32. Ba3 Rd5 33. Bb4 Rb5 34.
Ba3 c3 0-1

[Event "VIII Festival A"]
[Site "Trieste ITA"]
[Date "2006.09.04"]
[Round "4"]
[White "Mazi, Leon"]
[Black "Koster, Willem S."]
[Result "1/2-1/2"]
[WhiteElo "2350"]
[BlackElo "2202"]
[PlyCount "65"]
[EventDate "2006.09.02"]

1. e4 e5 2. Nf3 Nf6 3. Nc3 Nc6 4. a3 d5 5. Bb5 d4 6. Ne2 Qd6 7. d3 Be7 8. Bxc6+
bxc6 9. O-O O-O 10. Nd2 Ba6 11. h3 c5 12. b3 Nd7 13. f4 exf4 14. Nxf4 Ne5 15.
Nd5 Bg5 16. Nc4 Bxc4 17. bxc4 Bxc1 18. Qxc1 c6 19. Nf4 f5 20. exf5 Rxf5 21. Ne2
Rxf1+ 22. Qxf1 Rf8 23. Qe1 Rf6 24. Qd2 Rf3 25. Rf1 Qg6 26. Qa5 Qg5 27. Rxf3
Nxf3+ 28. Kf2 Nh4 29. g3 Qe3+ 30. Ke1 Nf3+ 31. Kf1 Nd2+ 32. Ke1 Nf3+ 33. Kf1
1/2-1/2

[Event "VIII Festival A"]
[Site "Trieste ITA"]
[Date "2006.09.04"]
[Round "4"]
[White "Miele, Roberto"]
[Black "Vitri, Sergio"]
[Result "0-1"]
[WhiteElo "1870"]
[BlackElo "2105"]
[PlyCount "120"]
[EventDate "2006.09.02"]

1. e4 Nf6 2. e5 Nd5 3. c4 Nb6 4. c5 Nd5 5. Bc4 c6 6. Nc3 Nxc3 7. dxc3 d6 8.
cxd6 exd6 9. Bf4 d5 10. Bd3 Bc5 11. Nf3 Bg4 12. Qc2 Nd7 13. O-O-O Nf8 14. Rde1
Ne6 15. Be3 h5 16. h4 Qe7 17. Nd2 Nc7 18. Nb3 Bb6 19. f3 Be6 20. Nd4 Bxd4 21.
cxd4 Qb4 22. Bf2 O-O-O 23. Kb1 Nb5 24. Bxb5 Qxb5 25. Re3 g6 26. Ka1 Bf5 27. Qd2
Rhe8 28. Rb3 Qa6 29. Rc1 Re6 30. Ra3 Qb6 31. Rc5 Kd7 32. Be1 Ra8 33. Qc1 Qc7
34. Rac3 Rc8 35. Ra3 b6 36. Rcc3 Ke8 37. Qh6 a5 38. Bd2 Qe7 39. g3 Qb4 40. Qe3
Qb5 41. Rc1 Kd7 42. Qf4 Qe2 43. Rac3 Rc7 44. Rb3 b5 45. Bxa5 Ra7 46. Bb4 Re8
47. g4 hxg4 48. fxg4 Qxg4 49. Qf2 Rea8 50. a3 Qe4 51. Rbc3 Ra6 52. Qg3 Be6 53.
Qg5 Re8 54. Bd6 Qxd4 55. Qg2 b4 56. Rb3 Rxa3+ 57. Rxa3 bxa3 58. Qc2 axb2+ 59.
Qxb2 Ra8+ 60. Ba3 Rxa3+ 0-1

[Event "VIII Festival A"]
[Site "Trieste ITA"]
[Date "2006.09.04"]
[Round "4"]
[White "Mocchi, Tullio"]
[Black "Skok, Joze"]
[Result "1-0"]
[WhiteElo "2243"]
[BlackElo "2110"]
[PlyCount "127"]
[EventDate "2006.09.02"]

1. d4 Nf6 2. Nf3 g6 3. Bf4 d5 4. e3 c5 5. c3 cxd4 6. exd4 Nc6 7. Bd3 Bg7 8. h3
O-O 9. O-O Bf5 10. Na3 Qb6 11. Rb1 Rac8 12. Re1 Rfe8 13. Bxf5 gxf5 14. Qb3 Qxb3
15. axb3 a6 16. b4 Na7 17. Ra1 Ne4 18. Red1 Red8 19. Ne1 e6 20. Nd3 Bf8 21. f3
Nf6 22. Nc5 Bxc5 23. bxc5 Nh5 24. Bh2 Nc6 25. g4 fxg4 26. hxg4 Nf6 27. b4 Na7
28. Rdb1 Ra8 29. g5 Nd7 30. b5 Nxb5 31. Nxb5 axb5 32. Rxa8 Rxa8 33. Rxb5 Ra7
34. Bd6 Kg7 35. f4 Kg6 36. Kf2 Kf5 37. Ke3 f6 38. gxf6 Kxf6 39. Rb1 Kf7 40. Rh1
Kg6 41. Rg1+ Kf7 42. f5 exf5 43. Kf4 Ra2 44. Re1 Nf6 45. Re7+ Kg6 46. Rxb7 Rf2+
47. Ke3 Ng4+ 48. Kd3 Rf3+ 49. Kc2 Nf6 50. c6 Ne4 51. Bb4 Rf2+ 52. Kc1 Rf1+ 53.
Kb2 Rf2+ 54. Ka3 Nd2 55. c7 Nc4+ 56. Ka4 Ra2+ 57. Kb5 Rb2 58. Kc5 Na5 59. Ra7
Nb3+ 60. Kxd5 Nxd4 61. cxd4 Rxb4 62. c8=Q Rb5+ 63. Qc5 Rb8 64. Qc7 1-0

[Event "VIII Festival A"]
[Site "Trieste ITA"]
[Date "2006.09.04"]
[Round "4"]
[White "Pelosin, Matteo"]
[Black "Varini, Massimo"]
[Result "1-0"]
[WhiteElo "1798"]
[BlackElo "2053"]
[PlyCount "99"]
[EventDate "2006.09.02"]

1. e4 e6 2. d4 d5 3. e5 c5 4. c3 Nc6 5. Nf3 Bd7 6. a3 c4 7. Nbd2 Qb6 8. Be2 Na5
9. Rb1 Ne7 10. O-O Nb3 11. Bxc4 Nxd2 12. Nxd2 Nc6 13. Bd3 O-O-O 14. Kh1 f5 15.
b4 Ne7 16. Nb3 Ba4 17. Bc2 Bxb3 18. Bxb3 Kb8 19. c4 dxc4 20. Bxc4 Rxd4 21. Qb3
Nd5 22. Rb2 Be7 23. Rc2 Rd8 24. Bb2 Rg4 25. Be2 Rh4 26. Bf3 g5 27. Rfc1 a6 28.
g3 Rh6 29. Qc4 g4 30. Bd4 Qc6 31. Bxd5 Rxd5 32. Qxc6 bxc6 33. Be3 Rg6 34. Rxc6
Bd8 35. Rxa6 Bc7 36. Ra7 Bxe5 37. Rxh7 Bg7 38. h3 gxh3 39. Kh2 Rd3 40. a4 e5
41. Rxh3 Rg4 42. Bc5 Rd2 43. Rh5 f4 44. gxf4 exf4 45. Rg1 Rxg1 46. Kxg1 f3 47.
Kh2 Bd4 48. Bxd4 Rxd4 49. Kg3 Rxb4 50. Rb5+ 1-0

[Event "VIII Festival A"]
[Site "Trieste ITA"]
[Date "2006.09.04"]
[Round "4"]
[White "Plani, Andrea"]
[Black "Znidarcic, Andrej"]
[Result "0-1"]
[WhiteElo "1896"]
[BlackElo "2193"]
[PlyCount "119"]
[EventDate "2006.09.02"]

1. c4 e6 2. Nf3 d5 3. e3 Nf6 4. Nc3 c6 5. a3 Bd6 6. b4 Nbd7 7. Bb2 e5 8. cxd5
cxd5 9. Qb3 O-O 10. h3 Re8 11. Nxd5 Nxd5 12. Qxd5 Nb6 13. Qb3 Be6 14. Qd1 Bd7
15. Be2 e4 16. Nd4 Qg5 17. g4 Rac8 18. h4 Qd8 19. Bb5 Nc4 20. Bc3 Ne5 21. Be2
Qf6 22. Rc1 Bxg4 23. f3 exf3 24. Nxf3 Nxf3+ 25. Bxf3 Qxf3 26. Qxf3 Bxf3 27. Rg1
f6 28. Kf2 Be4 29. Rg4 Bf5 30. Rgg1 Kf7 31. Ke2 Bg6 32. Bd4 Bh5+ 33. Kf2 a6 34.
Bc5 Bxc5 35. bxc5 Bg6 36. d4 Be4 37. Ke2 Re7 38. Kd2 Rce8 39. Rg3 Bd5 40. h5 f5
41. Rf1 Kf6 42. Rb1 Re6 43. Re1 Re4 44. Rh3 Rg4 45. Rb1 Rg2+ 46. Kc3 a5 47. Rb5
a4 48. Rb1 Re2 49. Rb6+ Re6 50. Rxe6+ Kxe6 51. Kb4 Rb2+ 52. Kxa4 Bc6+ 53. Ka5
Rb5+ 54. Ka4 Kd5 55. Rh4 Kc4 56. d5+ Kxd5 57. Rb4 Rxb4+ 58. Kxb4 Ke4 59. Ka5
Kxe3 60. a4 0-1

[Event "VIII Festival A"]
[Site "Trieste ITA"]
[Date "2006.09.04"]
[Round "4"]
[White "Pregarac, Valter"]
[Black "Rombaldoni, Axel"]
[Result "1-0"]
[WhiteElo "2058"]
[BlackElo "2169"]
[PlyCount "69"]
[EventDate "2006.09.02"]

1. d4 d5 2. Nf3 e6 3. Bf4 c5 4. e3 Nf6 5. c4 Nc6 6. Nc3 cxd4 7. exd4 Bd6 8.
Bxd6 Qxd6 9. c5 Qb8 10. Bb5 O-O 11. O-O a6 12. Bxc6 bxc6 13. Ne5 Qxb2 14. Na4
Qb7 15. Nb6 Rb8 16. Qa4 Nd7 17. Qxc6 Nxb6 18. Rab1 f6 19. Rxb6 Qa7 20. Rxb8
Qxb8 21. Nd7 Bxd7 22. Qxd7 Qc8 23. Qd6 Rd8 24. Qb6 e5 25. c6 Rd6 26. Rc1 Kf7
27. h3 Ke6 28. a4 Kf7 29. a5 Kg6 30. Qb7 Rd8 31. c7 exd4 32. Qb1+ Kh6 33.
cxd8=Q Qxd8 34. Qb6 Qe7 35. Qxd4 1-0

[Event "VIII Festival A"]
[Site "Trieste ITA"]
[Date "2006.09.04"]
[Round "4"]
[White "Stocek, Jiri"]
[Black "Brunello, Sabino"]
[Result "1-0"]
[WhiteElo "2561"]
[BlackElo "2391"]
[PlyCount "81"]
[EventDate "2006.09.02"]

1. Nf3 Nf6 2. c4 e6 3. Nc3 b6 4. d4 Bb7 5. Bf4 Bb4 6. Qb3 c5 7. dxc5 Bxc5 8. e3
O-O 9. Rd1 Na6 10. Be2 Be7 11. O-O Nc5 12. Qc2 Nce4 13. Nxe4 Bxe4 14. Bd3 Bxd3
15. Rxd3 Qc8 16. Qa4 d5 17. cxd5 Nxd5 18. Be5 Rd8 19. Rfd1 Nf6 20. Rxd8+ Bxd8
21. e4 Be7 22. h3 b5 23. Qxb5 Nxe4 24. Qa4 Nf6 25. Nd4 Bf8 26. Bxf6 gxf6 27.
Nc6 Qc7 28. Qg4+ Bg7 29. Qf3 Rc8 30. Rc1 Kh8 31. b4 Rb8 32. Rc4 Rg8 33. a4 f5
34. b5 Qd7 35. Rc1 e5 36. Rd1 Qe6 37. Qd5 Qf6 38. Qd6 Qg5 39. Nxe5 Bxe5 40.
Qxe5+ f6 41. Qd5 1-0

[Event "VIII Festival A"]
[Site "Trieste ITA"]
[Date "2006.09.04"]
[Round "4"]
[White "Veber, Bojan"]
[Black "Dzhumaev, Marat"]
[Result "0-1"]
[WhiteElo "2138"]
[BlackElo "2509"]
[PlyCount "39"]
[EventDate "2006.09.02"]

1. e4 g6 2. Nc3 Bg7 3. f4 c6 4. d3 d5 5. Nf3 Qb6 6. Qe2 Bg4 7. h3 Bxf3 8. Qxf3
Nf6 9. g4 Na6 10. Bg2 dxe4 11. dxe4 O-O-O 12. a3 Nd7 13. Nd1 g5 14. f5 Ne5 15.
Qe2 Rxd1+ 16. Kxd1 Nc5 17. Ra2 Rd8+ 18. Bd2 Nb3 19. cxb3 Qxb3+ 20. Kc1 0-1

[Event "VIII Festival A"]
[Site "Trieste ITA"]
[Date "2006.09.05"]
[Round "5"]
[White "Bosiocic, Marko"]
[Black "Keetbaas, Herman"]
[Result "1-0"]
[WhiteElo "2104"]
[BlackElo "2061"]
[PlyCount "103"]
[EventDate "2006.09.02"]

1. d4 Nf6 2. Nf3 g6 3. Bf4 Bg7 4. e3 O-O 5. Be2 d6 6. h3 Nbd7 7. O-O e5 8. dxe5
Nh5 9. Bg5 Qe8 10. g4 h6 11. Bxh6 Bxh6 12. gxh5 Nxe5 13. Kg2 Qc6 14. Nc3 Bf5
15. Nd5 Kh8 16. Ne7 Qxc2 17. Qxc2 Bxc2 18. Nxe5 dxe5 19. Rac1 Be4+ 20. f3 Bc6
21. Nxc6 bxc6 22. Kf2 Rab8 23. b3 Rfd8 24. hxg6 fxg6 25. Rxc6 Rd2 26. Rxg6 Kh7
27. Rc6 Rxa2 28. Rxc7+ Kh8 29. Rd1 Bg5 30. Rdd7 Bh4+ 31. Kf1 Ra1+ 32. Bd1 a5
33. Ke2 a4 34. Rh7+ Kg8 35. Rxh4 axb3 36. Rg4+ Kf8 37. Rh4 Kg8 38. Re4 Rxd1 39.
Kxd1 b2 40. Rc1 bxc1=Q+ 41. Kxc1 Rf8 42. Rg4+ Kh7 43. Rg3 Rd8 44. Kc2 Kh6 45.
h4 Rf8 46. Kd3 Kh5 47. Ke4 Kxh4 48. Rg6 Kh3 49. Rg5 Rc8 50. Kxe5 Kh4 51. Kf4
Rc3 52. Rf5 1-0

[Event "VIII Festival A"]
[Site "Trieste ITA"]
[Date "2006.09.05"]
[Round "5"]
[White "Brunello, Sabino"]
[Black "Bevilacqua, Andrea"]
[Result "1-0"]
[WhiteElo "2391"]
[BlackElo "2054"]
[PlyCount "45"]
[EventDate "2006.09.02"]

1. e4 e5 2. Nf3 Nf6 3. Nxe5 d6 4. Nf3 Nxe4 5. Nc3 Nf6 6. d4 d5 7. Bd3 Be7 8. h3
h6 9. O-O Be6 10. Ne2 Nc6 11. Nf4 Bd7 12. c4 dxc4 13. Bxc4 O-O 14. Ng6 Re8 15.
Qb3 Be6 16. Bxe6 fxe6 17. Qxe6+ Kh7 18. Qf5 Kg8 19. Nge5 Nxe5 20. dxe5 Qd7 21.
Qg6 Nd5 22. Bxh6 Bf8 23. Ng5 1-0

[Event "VIII Festival A"]
[Site "Trieste ITA"]
[Date "2006.09.05"]
[Round "5"]
[White "Dzhumaev, Marat"]
[Black "Stocek, Jiri"]
[Result "1/2-1/2"]
[WhiteElo "2509"]
[BlackElo "2561"]
[PlyCount "106"]
[EventDate "2006.09.02"]

1. e4 c5 2. Nf3 d6 3. d4 cxd4 4. Nxd4 Nf6 5. Nc3 g6 6. Be3 Bg7 7. f3 Nc6 8. Bc4
Bd7 9. Qd2 O-O 10. O-O-O Rc8 11. Bb3 Ne5 12. Bh6 Bxh6 13. Qxh6 Rxc3 14. bxc3 a5
15. a4 b5 16. Nxb5 Bxb5 17. axb5 a4 18. Ba2 Qa5 19. Qe3 Qxb5 20. Rd4 Nc6 21.
Rc4 Nd7 22. e5 Ncxe5 23. Rb4 Qa5 24. h4 Qc5 25. Re1 Qc7 26. h5 gxh5 27. Rh1 Nf6
28. g4 Qc5 29. Qxc5 dxc5 30. Rxa4 hxg4 31. fxg4 Nexg4 32. Ra7 e6 33. Re1 h5 34.
Rc7 Ra8 35. Kb2 Ra5 36. Bc4 Kf8 37. Kb3 Ne8 38. Rc6 Ngf6 39. Re5 Nd7 40. Rxh5
Nef6 41. Rh1 Ke7 42. Re1 Ng4 43. Rc8 Nge5 44. Bf1 Nb6 45. Rb8 c4+ 46. Kb2 Ned7
47. Rb7 f5 48. Rd1 e5 49. Rc7 Nd5 50. Rb7 N5b6 51. Rc7 Nd5 52. Rb7 N5b6 53. Rc7
Nd5 1/2-1/2

[Event "VIII Festival A"]
[Site "Trieste ITA"]
[Date "2006.09.05"]
[Round "5"]
[White "Fantini, Marco"]
[Black "Pelosin, Matteo"]
[Result "1-0"]
[WhiteElo "2053"]
[BlackElo "1798"]
[PlyCount "67"]
[EventDate "2006.09.02"]

1. d4 e6 2. Nc3 d5 3. e4 Nf6 4. Bg5 Bb4 5. e5 h6 6. Bd2 Bxc3 7. Bxc3 Ne4 8. Nf3
Nxc3 9. bxc3 c5 10. c4 Nc6 11. cxd5 Qxd5 12. dxc5 Qxc5 13. Rb1 Nxe5 14. Bb5+
Nc6 15. O-O O-O 16. Re1 Rd8 17. Bd3 b6 18. Qe2 Bd7 19. Qe4 g6 20. h4 Ne7 21.
Ne5 Bc6 22. Qf4 Nf5 23. Nxc6 Qxc6 24. Bxf5 exf5 25. Qxh6 Qxc2 26. h5 Qc6 27.
Rb3 Qf6 28. hxg6 fxg6 29. Rbe3 Qg7 30. Qg5 Rf8 31. Re6 Kh7 32. Re7 Rf7 33. Rxf7
Qxf7 34. Re7 1-0

[Event "VIII Festival A"]
[Site "Trieste ITA"]
[Date "2006.09.05"]
[Round "5"]
[White "Heikkila, Antti"]
[Black "Efimov, Igor"]
[Result "0-1"]
[WhiteElo "2088"]
[BlackElo "2439"]
[PlyCount "66"]
[EventDate "2006.09.02"]

1. c4 Nf6 2. d4 c5 3. d5 e6 4. Nc3 exd5 5. cxd5 d6 6. e4 g6 7. Bb5+ Nbd7 8. Bf4
a6 9. Bxd7+ Bxd7 10. Nf3 Nh5 11. Bg5 Qb6 12. Qc2 Bg7 13. O-O O-O 14. a4 h6 15.
a5 Qc7 16. Be3 Rae8 17. Nd2 f5 18. f3 f4 19. Bf2 Qd8 20. Ra3 Re5 21. Nc4 Rg5
22. Bh4 Bd4+ 23. Rf2 Rxg2+ 24. Kxg2 Qxh4 25. Kf1 Ng3+ 26. Ke1 Nh1 27. Nd1 Nxf2
28. Nxf2 Qxh2 29. Qe2 Qg1+ 30. Qf1 Bxf2+ 31. Ke2 Bb5 32. b3 Qxf1+ 33. Kxf1 Bd4
0-1

[Event "VIII Festival A"]
[Site "Trieste ITA"]
[Date "2006.09.05"]
[Round "5"]
[White "Omerzel, Nikola"]
[Black "Rombaldoni, Axel"]
[Result "0-1"]
[WhiteElo "1789"]
[BlackElo "2169"]
[PlyCount "60"]
[EventDate "2006.09.02"]

1. e4 c5 2. Nf3 d6 3. c4 e5 4. Nc3 f5 5. g3 Nf6 6. d3 Be7 7. Bh3 fxe4 8. Bxc8
Qxc8 9. Nxe4 Nc6 10. O-O O-O 11. Kg2 h6 12. h4 Qe6 13. b3 b5 14. Be3 Nxe4 15.
dxe4 bxc4 16. Nd2 c3 17. Nc4 Nd4 18. Bxd4 cxd4 19. f4 exf4 20. Qxd4 Qg4 21.
Qxc3 Bxh4 22. Rf3 Bxg3 23. Rg1 Be1+ 24. Kf1 Qxg1+ 25. Kxg1 Bxc3 26. Rxc3 Rae8
27. Nxd6 Re6 28. Nc8 Rxe4 29. Nxa7 f3 30. Rc2 Re2 0-1

[Event "VIII Festival A"]
[Site "Trieste ITA"]
[Date "2006.09.05"]
[Round "5"]
[White "Pavasovic, Dusko"]
[Black "Rombaldoni, Denis"]
[Result "1-0"]
[WhiteElo "2564"]
[BlackElo "2348"]
[PlyCount "91"]
[EventDate "2006.09.02"]

1. e4 c6 2. d4 d5 3. exd5 cxd5 4. c4 Nf6 5. Nc3 e6 6. Nf3 Bb4 7. Bd3 O-O 8. O-O
dxc4 9. Bxc4 b6 10. Bg5 Bb7 11. Qe2 Bxc3 12. bxc3 Nbd7 13. Ne5 Qc7 14. Nxd7
Qxd7 15. Bxf6 gxf6 16. Rac1 Kh8 17. Bd3 Rg8 18. f3 Rg5 19. Rf2 Rag8 20. Be4 Ra5
21. Qe3 f5 22. Bxb7 Qxb7 23. c4 Rc8 24. Rfc2 Qd7 25. h3 Rd8 26. Rd2 Qd6 27.
Rcc2 Ra3 28. Qg5 Rg8 29. c5 Qd8 30. Qf4 Qb8 31. Qh4 Qd8 32. Qf2 Qd5 33. c6 Rc8
34. c7 Ra4 35. Qh4 Rc4 36. Rxc4 Qxc4 37. Qd8+ Kg7 38. Qxc8 Qc1+ 39. Kh2 Qxd2
40. h4 Qf4+ 41. Kh3 Qc1 42. Qd8 Qh1+ 43. Kg3 Qe1+ 44. Kh2 f6 45. Qe7+ Kg6 46.
h5+ 1-0

[Event "VIII Festival A"]
[Site "Trieste ITA"]
[Date "2006.09.05"]
[Round "5"]
[White "Plani, Andrea"]
[Black "Van der Plas, Robert"]
[Result "0-1"]
[WhiteElo "1896"]
[BlackElo "2198"]
[PlyCount "90"]
[EventDate "2006.09.02"]

1. c4 e6 2. Nf3 d5 3. e3 Nf6 4. a3 Nbd7 5. b4 c5 6. bxc5 Bxc5 7. d4 Be7 8. Nc3
O-O 9. cxd5 Nxd5 10. Bd2 N7b6 11. Nxd5 exd5 12. Bb4 Bd7 13. Bd3 Rc8 14. O-O Nc4
15. Qe2 a5 16. Bxe7 Qxe7 17. Rfb1 b5 18. Rb3 Rc7 19. Qc2 Rfc8 20. Qa2 Nd6 21.
Qd2 a4 22. Rb4 f6 23. Re1 Ne4 24. Qe2 Qd6 25. Nd2 Nc3 26. Qf3 Na2 27. Rb2 Rc1
28. Rxc1 Rxc1+ 29. Bf1 Nc3 30. Rb4 Ra1 31. g3 Rxa3 32. Rb2 Ra1 33. Kg2 a3 34.
Rc2 a2 35. Nb3 Rb1 36. Rxc3 Rxb3 37. Rxb3 a1=Q 38. Bxb5 Qa2 39. Qd1 Bg4 40.
Qxg4 Qxb3 41. Qc8+ Qf8 42. Qe6+ Kh8 43. Be2 Qd8 44. h4 Qb7 45. Bf3 Qdd7 0-1

[Event "VIII Festival A"]
[Site "Trieste ITA"]
[Date "2006.09.05"]
[Round "5"]
[White "Skok, Joze"]
[Black "Capaliku, Aleks"]
[Result "1-0"]
[WhiteElo "2110"]
[BlackElo "2099"]
[PlyCount "137"]
[EventDate "2006.09.02"]

1. e4 e5 2. Nf3 Nc6 3. Bb5 a6 4. Ba4 f5 5. d3 fxe4 6. dxe4 Nf6 7. Qe2 d6 8. h3
b5 9. Bb3 Na5 10. Nc3 Nxb3 11. axb3 Bd7 12. Bg5 Be7 13. O-O b4 14. Bxf6 Bxf6
15. Nd5 Bb5 16. Qxb5+ axb5 17. Rxa8 Qxa8 18. Nxc7+ Kd7 19. Nxa8 Rxa8 20. Rb1
Rc8 21. Ne1 Bg5 22. Rd1 Ke6 23. Kf1 Bd8 24. Ke2 Bb6 25. Rd5 Rc5 26. Rxc5 dxc5
27. Kd3 Bd8 28. Nf3 Be7 29. Ng1 h5 30. Ne2 g6 31. c4 bxc3 32. Nxc3 b4 33. Ne2
Kd6 34. Kc4 Bg5 35. g3 h4 36. Kd3 hxg3 37. fxg3 Bh6 38. Ng1 Bc1 39. Kc2 Be3 40.
Nf3 Bf2 41. g4 Ke6 42. h4 Bd4 43. Kd3 Bxb2 44. Kc4 Bd4 45. h5 Be3 46. hxg6 Kf6
47. g7 Kxg7 48. Nxe5 Kf6 49. Nd7+ Kg5 50. Nxc5 Kxg4 51. Kxb4 Kf4 52. Kc4 Ke5
53. b4 Kd6 54. Nd3 Kc6 55. b5+ Kd6 56. Nb4 Ke5 57. Kd3 Bg1 58. Nd5 Bf2 59. Ne3
Kd6 60. Ng4 Bb6 61. Kc4 Ba7 62. Kb4 Bb6 63. Kc4 Ba7 64. Nh6 Ke5 65. Kd3 Bb6 66.
Ng4+ Ke6 67. Ne3 Bc5 68. Nd5 Ke5 69. Kc4 1-0

[Event "VIII Festival A"]
[Site "Trieste ITA"]
[Date "2006.09.05"]
[Round "5"]
[White "Spaan, Nathanael"]
[Black "Cozzarin, Davide"]
[Result "1-0"]
[WhiteElo "2185"]
[BlackElo "2062"]
[PlyCount "49"]
[EventDate "2006.09.02"]

1. e4 e6 2. d4 d5 3. Nc3 Bb4 4. e5 c5 5. a3 Bxc3+ 6. bxc3 Ne7 7. Qg4 O-O 8. Bd3
c4 9. Be2 f5 10. Qh3 Nbc6 11. Nf3 Ng6 12. O-O Bd7 13. Kh1 Nce7 14. Rg1 Qa5 15.
Bd2 Qa4 16. Ra2 Rab8 17. Ng5 h6 18. Nf3 Kf7 19. g4 f4 20. Qh5 Ke8 21. Nh4 Kd8
22. Nxg6 Be8 23. Nxf8 Bxh5 24. Nxe6+ Kc8 25. gxh5 1-0

[Event "VIII Festival A"]
[Site "Trieste ITA"]
[Date "2006.09.05"]
[Round "5"]
[White "Stantic, Severino"]
[Black "Miele, Roberto"]
[Result "0-1"]
[WhiteElo "2051"]
[BlackElo "1870"]
[PlyCount "76"]
[EventDate "2006.09.02"]

1. d4 Nf6 2. Nf3 g6 3. Nbd2 d5 4. e3 Bg7 5. Bd3 O-O 6. b3 Nbd7 7. Bb2 b6 8. Qe2
Bb7 9. O-O e6 10. Rac1 Ne4 11. c4 Nxd2 12. Qxd2 dxc4 13. Rxc4 Bxf3 14. gxf3 c5
15. Be4 Qg5+ 16. Kh1 Rad8 17. f4 Qh4 18. Bc6 Nf6 19. Qe2 Rd6 20. Bf3 Rfd8 21.
Rc2 cxd4 22. Bxd4 Nd7 23. Bxg7 Kxg7 24. Rd2 Rxd2 25. Qxd2 Nc5 26. Qc2 Nd3 27.
Kg2 e5 28. Qc3 Kh6 29. Be2 e4 30. f3 f5 31. fxe4 fxe4 32. Qc6 Ne1+ 33. Kg1 Rd2
34. Qb5 Nf3+ 35. Rxf3 exf3 36. Qg5+ Qxg5+ 37. fxg5+ Kxg5 38. Bxf3 Rxa2 0-1

[Event "VIII Festival A"]
[Site "Trieste ITA"]
[Date "2006.09.05"]
[Round "5"]
[White "Van Dongen, Leo"]
[Black "Decleva, Gianni"]
[Result "1/2-1/2"]
[WhiteElo "1854"]
[BlackElo "1895"]
[PlyCount "59"]
[EventDate "2006.09.02"]

1. e4 e5 2. Bc4 Nc6 3. Nc3 Nf6 4. d3 h6 5. f4 exf4 6. Bxf4 Bc5 7. Nf3 d6 8. d4
Bb4 9. Qe2 O-O 10. O-O Re8 11. e5 Bg4 12. Qe3 dxe5 13. Nxe5 Bh5 14. Nxc6 bxc6
15. Be5 Nd5 16. Qg3 Bf8 17. Ne4 Bg6 18. Rae1 c5 19. Nxc5 Rb8 20. Bb3 Rb6 21. c3
Bxc5 22. dxc5 Rbe6 23. c4 Nb4 24. Bc3 Rxe1 25. Rxe1 Rxe1+ 26. Qxe1 Nd3 27. Qe3
Qg5 28. Qxg5 hxg5 29. Ba5 c6 30. Bc3 1/2-1/2

[Event "VIII Festival A"]
[Site "Trieste ITA"]
[Date "2006.09.05"]
[Round "5"]
[White "Veber, Bojan"]
[Black "Brunello, Roberta"]
[Result "1-0"]
[WhiteElo "2138"]
[BlackElo "1863"]
[PlyCount "83"]
[EventDate "2006.09.02"]

1. e4 e5 2. f4 exf4 3. Nf3 d5 4. exd5 Nf6 5. Bc4 c6 6. d4 Nxd5 7. Bxd5 cxd5 8.
Bxf4 Bd6 9. Qe2+ Be6 10. Qb5+ Bd7 11. Qe2+ Be6 12. Bxd6 Qxd6 13. Nc3 O-O 14.
O-O Nc6 15. Nb5 Qd7 16. Ne5 Qc8 17. c3 a6 18. Nd6 Qc7 19. Nf5 Bxf5 20. Rxf5
Rae8 21. Raf1 f6 22. Qf3 Ne7 23. Rf4 Qd8 24. Nd3 Ng6 25. Rf5 Ne7 26. Rh5 Qc8
27. Nf4 g6 28. Rh3 Qf5 29. Qf2 g5 30. Nh5 Qxf2+ 31. Rxf2 f5 32. Re3 Kf7 33. g4
f4 34. Re5 h6 35. h4 Ng6 36. Rf5+ Ke7 37. hxg5 Nh4 38. Rxf8 Rxf8 39. gxh6 f3
40. Kh2 Rg8 41. Kh3 Ng6 42. Rxf3 1-0